000 01260nam0a22003131 4500
001 v19\rc\1301409
005 20250618021438.0
035 _a(NLR Aleph) 004446807
090 _a4451757
_c4451757
100 _a20060306e18671866|||y0rusy50 ca
101 0 _arus
102 _aRU
105 _aa z |||||
200 1 _aСевастополь и доблестные его защитники
210 _aСанкт-Петербург
_cред. журн. "Чтение для солдат"
_d1867
215 _a96 с.
_cил.
_d20
300 _aВ 4 изд. загл.: Севастополь и его доблестные защитники
311 _aИзд. 1867 г. перепеч. с некоторыми изм. из журн."Чтение для солдат". 1866, кн. 4-6; 1867, кн. 1-2; авт. установлен по подписи к статье
488 0 _12001#$aЧтение для солдат$v1866, кн. 4-6; 1867, кн. 1-2
_tЧтение для солдат
700 1 _aНестроев
_bИ.
801 0 _aRU
_bNLR
_gpsbo
801 0 _aRU
_bRuMoRGB
_2psbo
801 1 _aRU
_bProSoft-M
_2rusmarc
852 _aNLR
_j18.130.3.24
899 _aRuMoRGB
899 _aБАН
899 _aГПИБ
942 _cBOOK
980 _aNB